I fondamenti del diritto occidentale: un'introduzione storica

Uloženo v:
Podrobná bibliografie
Hlavní autor: Vincenti, Umberto (Autor)
Médium: Kniha
Jazyk:italština
Vydáno: Roma Editori Laterza 2010
Vydání:1a. ed
Edice:Manuali Laterza, 309
Témata:
Tagy: Přidat tag
Žádné tagy, Buďte první, kdo vytvoří štítek k tomuto záznamu!

MARC

LEADER 00000cam a2200000 a 4500
001 UCF3033
003 CL-VaPUC
008 120914e20100000IT |||||||||||||||||ita|d
020 |a 9788842093961 
082 0 4 |a 340.09  |b VIN  |2 21 
100 0 |a Vincenti, Umberto  |e author  |9 564926 
245 1 2 |a I fondamenti del diritto occidentale: un'introduzione storica 
250 |a 1a. ed 
300 |a 144 p 
942 |c BK 
945 |d 20120914 00:00:00  |a dcastane 
260 |a Roma  |b Editori Laterza  |c 2010 
650 0 |a Historia del derecho  |9 255109 
650 7 |a HISTORIA DEL DERECHO ITALIANO  |2 CL-VaPUC  |9 564927 
583 |a last modification  |c 20120914 00:13:00  |k Rodrigo Vera 
490 0 |a Manuali Laterza, 309 
999 |c 349555  |d 349553 
952 |0 0  |1 0  |4 0  |6 340_090000000000000_VIN_2010  |7 0  |8 DER_HIS  |9 452193  |a BIBDER  |b BIBDER  |d 2019-11-22  |i 4905806  |o 340.09 VIN 2010  |p 4905806  |r 2023-01-25  |w 2019-11-22  |x Ubicación 4to Piso  |y BK  |z Estos recursos deben solicitarse con anticipación  |k DER